Unfolded equations for massive higher spin supermultiplets in AdS3; Journal of High Energy Physics; Vol. 8
| Parent link: | Journal of High Energy Physics Vol. 8.— 2016.— [75, 22 p.] |
|---|---|
| Autore principale: | |
| Ente Autore: | |
| Altri autori: | , |
| Riassunto: | Title screen In this paper we give an explicit construction of unfolded equations for massive higher spin supermultiplets of the minimal (1, 0) supersymmetry in AdS3 space. For that purpose we use an unfolded formulation for massive bosonic and fermionic higher spins and find supertransformations leaving appropriate set of unfolded equations invariant. We provide two general supermultiplets (s, s + 1/2) and (s, s ? 1/2) with arbitrary integer s, as well as a number of lower spin examples. Режим доступа: по договору с организацией-держателем ресурса |
| Lingua: | inglese |
| Pubblicazione: |
2016
|
| Soggetti: | |
| Accesso online: | http://dx.doi.org/10.1007/JHEP08(2016)075 |
| Natura: | Elettronico Capitolo di libro |
| KOHA link: | https://koha.lib.tpu.ru/cgi-bin/koha/opac-detail.pl?biblionumber=650126 |
MARC
| LEADER | 00000naa0a2200000 4500 | ||
|---|---|---|---|
| 001 | 650126 | ||
| 005 | 20250311105152.0 | ||
| 035 | |a (RuTPU)RU\TPU\network\15321 | ||
| 090 | |a 650126 | ||
| 100 | |a 20160913d2016 k||y0rusy50 ba | ||
| 101 | 0 | |a eng | |
| 102 | |a DE | ||
| 135 | |a drcn ---uucaa | ||
| 181 | 0 | |a i | |
| 182 | 0 | |a b | |
| 200 | 1 | |a Unfolded equations for massive higher spin supermultiplets in AdS3 |f I. L. Bukhbinder, T. V. Snegirev, Yu. M. Zinovjev | |
| 203 | |a Text |c electronic | ||
| 300 | |a Title screen | ||
| 320 | |a [References: 30 tit.] | ||
| 330 | |a In this paper we give an explicit construction of unfolded equations for massive higher spin supermultiplets of the minimal (1, 0) supersymmetry in AdS3 space. For that purpose we use an unfolded formulation for massive bosonic and fermionic higher spins and find supertransformations leaving appropriate set of unfolded equations invariant. We provide two general supermultiplets (s, s + 1/2) and (s, s ? 1/2) with arbitrary integer s, as well as a number of lower spin examples. | ||
| 333 | |a Режим доступа: по договору с организацией-держателем ресурса | ||
| 461 | |t Journal of High Energy Physics | ||
| 463 | |t Vol. 8 |v [75, 22 p.] |d 2016 | ||
| 610 | 1 | |a электронный ресурс | |
| 610 | 1 | |a труды учёных ТПУ | |
| 610 | 1 | |a теории | |
| 610 | 1 | |a поля | |
| 700 | 1 | |a Bukhbinder |b I. L. |g Iosif Lvovich | |
| 701 | 1 | |a Snegirev |b T. V. |c physicist |c engineer-researcher, Senior Lecturer of Tomsk Polytechnic University, candidate of technical Sciences |f 1987- |g Timofey Vladimirovich |3 (RuTPU)RU\TPU\pers\37255 |9 20214 | |
| 701 | 1 | |a Zinovjev |b Yu. M. |g Yury Mikhaylovich | |
| 712 | 0 | 2 | |a Национальный исследовательский Томский политехнический университет |b Физико-технический институт |b Кафедра высшей математики и математической физики |3 (RuTPU)RU\TPU\col\18727 |9 27176 |
| 801 | 2 | |a RU |b 63413507 |c 20171120 |g RCR | |
| 856 | 4 | |u http://dx.doi.org/10.1007/JHEP08(2016)075 | |
| 942 | |c CF | ||